=LDR 00000nam 2200000 4500 =001 INLIS000000000033483 =005 20180319095306 =035 ##$$a 0010-061300000033483 =008 180319###########################0#ind## =041 ##$$a ind =082 ##$$a 642.6 =090 ##$$a 642.6, Ast s =100 #$$a Yuni Astuti =245 1#$$a Seni Melipat Serbet Makanan =260 ##$$a Jakarta :$b SCA,$c 2010 =300 ##$$a vi, 58 hlm : $b ilus ; $c 20 cm =650 ##$$a Serbet =850 ##$$a NBPNMAT =084 ##$$a 642.6 YUN s =710 ##$$a Kurnia =990 ##$$a 60696069 =990 ##$$a 60696069 =990 ##$$a 60696069 =990 ##$$a 60696069 =990 ##$$a 60696069 =990 ##$$a 21710181 =990 ##$$a 01201806069 =990 ##$$a 01201806070 =990 ##$$a 01201806071 =990 ##$$a 01201806072 =990 ##$$a 21710182 =990 ##$$a 01201806069 =990 ##$$a 01201806070 =990 ##$$a 01201806071 =990 ##$$a 21710181 =990 ##$$a 21710183 =990 ##$$a 01201806069 =990 ##$$a 01201806070 =990 ##$$a 21710182 =990 ##$$a 21710181 =990 ##$$a 21710184 =990 ##$$a 01201806069 =990 ##$$a 21710183 =990 ##$$a 21710182 =990 ##$$a 21710181 =990 ##$$a 21710185 =990 ##$$a 21710184 =990 ##$$a 21710183 =990 ##$$a 21710182 =990 ##$$a 21710181